01558nam a22003737i 4500003000900000005001700009008004100026020001500067040004300082041000800125082002600133092000700159099003500166100003400201245020700235264003500442300002400477336002400501337002800525338004300553490007000596504003600666546002400702650005200726651001000778700003800788700004900826700003000875856005700905905000700962942001900969999001700988952017901005EG-GICUC20260121101651.0260106s1989 be ||||fr||| 00|10 ffre d a2802704516 aEG-GiCUCcEG-GiCUCdEG-GiCUCeRdabfre afre04221a341.33040bGH . D04221 aLaw1 11 341.33040 GH . D 19891 aGhebali, Victor-yves eAuteur10aLa Diplomatie De La Détente : La Csce, D'helsinki À Vienne (1973-1989) /cVictor-yves Ghebali ; Presentation De Benoit D'aboville ; Avant Propos D'helene Carrere D'encausse ; Preface De Jean Klein. 1aBruxelles :bBruylant،c1998. a444 page ;c 24 cm. 2rda contenua texte 2rda mediasaOrdinateur 2 transporteur rdaa Ressource en ligne0 aOrganisation Internationale Et Relations Internationales ; v18. aInclude Bibliography And Index. aTexte en français14aDiplomatie xDroit international publiczEurope1 2qrmak1 aD'aboville, Benoit eContributeur1 aD'encausse , D'helene Carrere eContributeur1 aKlein, Jean ePréfacier40uhttps://fll.law.cu.edu.eg/fulltext/bks/B11-06844.pdf a75 2ddccBKe21n0 c54769d54769 00102ddc40718القانون الدولي العامaCUbLAW1d2026-01-06l0oLaw1 11 341.33040 GH . D 1989 1106844 C1pB11-06844r2026-01-06 09:50:57t1w2026-01-06yBK